000 00418cam a2200181 4500
001 D13992
008 090401t xxu||||| |||| 00| 0 eng d
035 _a(Sirsi) u12690
041 _aeng
100 _aStone, P. A.
245 _aHousing, town development, land and costs
260 _aLondon
_bEstates Gazette
_cnd
300 _a155p
350 _a1.38
520 _aShelf 135
942 _n0
948 _c04/03/1997
999 _c87023
_d87023